• 首页
  • 本馆介绍
  • 公告通知
  • 最新文献
  • 馆藏检索
  • 电子资源
  • 读者导购
  • 参考咨询
  • 我的图书馆
  • 登录
  • 详细信息显示
  • 放入我的书架
  • 预约/预借图书
  • 作者相关作品
  • 分类相关作品
  • 丛书相关作品
  • 出版社相关作品

书目信息

  • 表格格式
  • 工作单格式
  • 卡片格式
书名: Megatrends
作者: John Naisbitt.
分册号:
分册名:
出版地: New York :
 
出版社: Warner Books
出版时间: c1984.
页数: xxxii, 333 p. ;
开本: 17 cm.
丛书名:
中图分类号:
科图分类号:
其他分类号: D771.269
主题词:
电子资源:
000 00907nam 2200277 a 4504
001 E0752999535
005 20070321144447.92
008 040419s1984 nyu bs 00110 eng
010    @a84155515
020    @a0446909912 (pbk.).
040    @aDLC@cDLC@dMXC
043    @an-us---
050 00 @aHN59.2@b.N34 1984
082 0  @a306/.0973 @2 19
090    @aI221/W2
090    @aD771.269
099    @dD771.269@ex30
100 1  @aNaisbitt, John.
245 10 @aMegatrends :@bten new directions transforming our lives / @cJohn Naisbitt.
260 0  @aNew York :@bWarner Books,@cc1984.
300    @axxxii, 333 p. ;@c17 cm.
500    @a"Updated especially for this edition. With a new introduction"--Cover.
504    @aIncludes bibliographical references and index.
650  2 @aSociology@xtrends.
650  2 @aSocial Conditions.
651  0 @aUnited States@xSocial conditions@y1980-
    
    Megatrends : : ten new directions transforming our lives / / John Naisbitt.-New York : : Warner Books, , c1984.
    xxxii, 333 p. ; ; 17 cm.
    "Updated especially for this edition. With a new introduction"--Cover.-Includes bibliographical references and index.
    
    ISBN 0446909912 (pbk.).
    
●
相关链接 在E读中查询图书 在五车中查询图书 在当当中查询图书 在豆瓣中查询图书


正题名:Megatrends     索取号:D771.269/x30         预约/预借

序号 登录号 条形码 馆藏地/架位号 状态 备注
1 0002589   300025899   第二样本阅览室/ [索取号:D771.269/x30] 在馆    
唐山师范学院图书馆 欢迎您!
大连网信软件有限公司© 版权所有